United States 'B' Geography Quiz Stats

 Plays Quiz Updated Apr 5, 2018

Challenge
Share
Tweet
Embed
Score 0/18 Timer 05:00
8 Plays Today
Hint Answer % Correct
Borough in New York CityBrooklyn
94.5%
Massachusetts state capitalBoston
94.4%
Idaho state capitalBoise
91.7%
Major city in MarylandBaltimore
90%
Louisiana state capitalBaton Rouge
89.1%
Strait separating Alaska and RussiaBering Strait
85.4%
North Dakota state capitalBismarck
77.6%
Country sharing a maritime border to the SoutheastBahamas
71.2%
Nickname for the state of OhioBuckeye state
62.7%
Hint Answer % Correct
City in California home to one of the nation's highest ranked public universitiesBerkeley
61.2%
South Dakota National Park home to a stretch of cliffs known as 'The Wall'Badlands National Park
46.4%
Nickname for Chicago's famous 'Cloud Gate' art sculptureThe Bean
45.1%
Slow-moving body of water mostly found in the Gulf Coast regionBayou
40.5%
South Dakotan National Forest home to Mount RushmoreBlack Hills National Forest
36.3%
National Park in Utah known for its distinct HoodoosBryce Canyon National Park
24.1%
Texan National Park along the Rio GrandeBig Bend National Park
22.3%
Northernmost point in United States TerritoryPoint Barrow
22.2%
Largest tributary of the Great Salt Lake in UtahBear River
11.8%

You're not logged in!

Compare scores with friends on all Sporcle quizzes.
OR
Log In

You Might Also Like...

Show Comments

Extras

Top Quizzes Today


Score Distribution

Your Account Isn't Verified!

In order to create a playlist on Sporcle, you need to verify the email address you used during registration. Go to your Sporcle Settings to finish the process.

Report this User

Report this user for behavior that violates our Community Guidelines.

Details: